000 00683nam a2200253Ia 4500
003 OSt
005 20220918174419.0
006 a|||||r|||| 00| 0
007 ta
008 220917b |||||||| |||| 00| 0 eng d
024 _a12,015
037 _cTextual
040 _aARTS
_cARTS
_beng
041 _2eng
_aeng
082 _aMYv3.N50-M30, L8
100 _aWalvin James
_950383
245 0 _aLeisure and society 1830-1950
260 _aLondon
_bLongman
_c1978
300 _aix, 181p.
_ccm.
490 _aThemes in British Social History
650 _aINDUSTRIAL ARTS
942 _hMYv3.N50-M30, L8
_cTEXL
_2CC
999 _c153069
_d153069